Gora (Record no. 81617)
[ view plain ]
| 000 -LEADER | |
|---|---|
| fixed length control field | 01264nam a2200217Ia 4500 |
| 003 - CONTROL NUMBER IDENTIFIER | |
| control field | OSt |
| 005 - DATE AND TIME OF LATEST TRANSACTION | |
| control field | 20260223102646.0 |
| 008 - FIXED-LENGTH DATA ELEMENTS--GENERAL INFORMATION | |
| fixed length control field | 210210b1967 xxu||||| |||| 00| 0 eng d |
| 040 ## - CATALOGING SOURCE | |
| Transcribing agency | AL |
| 041 ## - LANGUAGE CODE | |
| Language code of text/sound track or separate title | eng |
| 082 ## - DEWEY DECIMAL CLASSIFICATION NUMBER | |
| Classification number | 820.32 TAGG |
| 100 ## - MAIN ENTRY--PERSONAL NAME | |
| Personal name | Rabindranath Tagore |
| 9 (RLIN) | 256413 |
| 245 ## - TITLE STATEMENT | |
| Title | Gora |
| 260 ## - PUBLICATION, DISTRIBUTION, ETC. | |
| Place of publication, distribution, etc. | London |
| Name of publisher, distributor, etc. | Macmillan & Co. Ltd. |
| Date of publication, distribution, etc. | 1967 |
| 300 ## - PHYSICAL DESCRIPTION | |
| Extent | 107 |
| 520 ## - SUMMARY, ETC. | |
| Summary, etc. | Gora is the fifth in order of writing and the largest of Rabindranath's twelve novels.<br/><br/>Gora is more than a mere novel; it is an epic of India in transition at a crucial period of modern history when the social conscience and intellectual awareness of the new intelligentsia were in the throes of a great churning.<br/><br/>No other book gives so masterly an analysis of the complex Indian social life with its teeming contradictions or of the character of Indian nationalism which draws its roots from renascent Hinduism and stretches out its arms towards universal humanism. Despite the abundance of the polemics in the book - inevitable in the nature of the theme -Rabindranath Tagore does not lose the thread of the main narrative whose interest is sustained to the end. |
| 690 ## - LOCAL SUBJECT ADDED ENTRY--TOPICAL TERM (OCLC, RLIN) | |
| Topical term or geographic name as entry element | English Fiction |
| 9 (RLIN) | 256414 |
| 700 ## - ADDED ENTRY--PERSONAL NAME | |
| Personal name | Dodd, E F |
| 9 (RLIN) | 256419 |
| 906 ## - LOCAL DATA ELEMENT F, LDF (RLIN) | |
| a | 030501 |
| 942 ## - ADDED ENTRY ELEMENTS (KOHA) | |
| Source of classification or shelving scheme | Dewey Decimal Classification |
| Koha item type | Book |
| Withdrawn status | Lost status | Source of classification or shelving scheme | Damaged status | Not for loan | Collection code | Home library | Current library | Shelving location | Date acquired | Cost, normal purchase price | Total Checkouts | Full call number | Barcode | Date last seen | Price effective from | Koha item type |
|---|---|---|---|---|---|---|---|---|---|---|---|---|---|---|---|---|
| Dewey Decimal Classification | English | St Aloysius Library | St Aloysius Library | Secondary stack section | 02/17/2021 | 0.00 | 820.32 TAGG | 030501 | 02/17/2021 | 02/17/2021 | Book |